000 00452nam a2200181Ia 4500
001 18368
005 20260306171625.0
008 260306s9999||||xx |||||||||||||| ||und||
041 _aESP
082 _a658.4034
_bM97
100 _aMuro Sáenz, Javier
_eAUT
245 0 _aPráctica de la investigación operativa empresarial
260 _c1975
300 _a332 páginas :
_c22 cm.
650 _aGEN
654 _aCAN
942 _cLIB
_dJUS
_fJUS
_2ddc
_n
999 _c18368
_d18368